| 000 | 01060cam a22003011 4500 | ||
|---|---|---|---|
| 999 |
_c127058 _d127058 |
||
| 001 | 4533532 | ||
| 003 | ARRUPE | ||
| 005 | 20171006111926.0 | ||
| 008 | 711020s1966 nyu b 000 0 eng | ||
| 010 | _a 66019152 | ||
| 040 |
_aDLC _cDLC _dDLC |
||
| 043 | _ae-ur--- | ||
| 050 | 0 | 0 |
_aHT647 _b.R3 |
| 082 | 0 | 0 | _a301.44 |
| 100 | 1 |
_aRaeff, Marc. _936763 |
|
| 245 | 1 | 0 |
_aOrigins of the Russian intelligentsia; _bthe eighteenth-century nobility. _cMarc Raeff |
| 260 |
_aNew York, _bHarcourt, Brace & World _c1966 |
||
| 300 |
_a248 p. _c21 cm. |
||
| 490 | 0 | _aAn Original harbinger book | |
| 504 | _aBibliographical references included in "Notes" (p. 172-240) | ||
| 650 | 0 |
_aRussia _xNobility _936764 |
|
| 650 | 0 |
_aRussia _xPolitics and government _y1689-1800 _936765 |
|
| 650 | 0 |
_aIntellectual life _zRussia _936766 |
|
| 906 |
_a7 _bcbc _corignew _du _eocip _f19 _gy-gencatlg |
||
| 942 |
_2lcc _cMONOGRAPH |
||